000 00587cam a2200205 4500500
005 20260329005203.0
041 _afre
042 _adc
245 0 0 _aApologie de la discrétion
260 _c2022.
500 _a1
690 _aAtomisme
690 _aCollectif
690 _aDiscrétion
690 _aIndividualité
690 _aLionel Naccache
690 _aNeuroscience
786 0 _nPhilosophie magazine | 163 | 10 | 2022-10-01 | p. 60-60 | 1951-1787
856 4 1 _uhttps://shs.cairn.info/magazine-philosophie-magazine-2022-10-page-60?lang=fr&redirect-ssocas=7080
999 _c1841114
_d1841114